Quantitative skills interactive version 4.0

Το παρόν dvd αποτελεί ένα διαδραστικό πρόγραμμα που λειτουργεί ώς εισαγωγή στις ποσοτικές διαδραστικές ικανότητες και πώς αυτές μπορούν να εφαρμοστούν στις επιχειρήσεις...

Πλήρης περιγραφή

Αποθηκεύτηκε σε:
Λεπτομέρειες βιβλιογραφικής εγγραφής
Συγγραφή απο Οργανισμό/Αρχή: Graduate Management Admission Council
Άλλοι συγγραφείς: Andersen, Eugene
Μορφή: Βίντεο DVD
Γλώσσα:English
Δημοσίευση: [New York?] : McGraw-Hill, c2005
Σειρά:MBA survival kit
Θέματα:
Ετικέτες: Προσθήκη ετικέτας
Δεν υπάρχουν, Καταχωρήστε ετικέτα πρώτοι!

MARC

LEADER 00000 gm a2200000 i 4500
001 1/48836
007 vd cgai
008 070903s2005 eng d
020 |a 0-07-304458-X 
035 |l 10089025 
040 |a GR-MY-UA  |b gre  |e aacr 
041 0 |a eng 
082 0 |a 658.4033  |2 (22) 
245 1 0 |a Quantitative skills interactive  |h [μαγνητοσκόπηση] :  |b version 4.0 /  |c Eugene Anderson ... [και ά.] ; Graduate Management Admission Council 
260 |a [New York?] :   |b McGraw-Hill,   |c c2005 
300 |a 1 βιντεοδίσκος ;  |b ομιλ.; έγχρ.;  |c 4 3/4 ίν. 
490 1 |a MBA survival kit 
500 |a Άλλα προγράμματα της σειράς MBA Survival Kit είναι τα εξής: Accounting Interactive, Finance Interactive, Statistics Interactive 
520 |a Το παρόν dvd αποτελεί ένα διαδραστικό πρόγραμμα που λειτουργεί ώς εισαγωγή στις ποσοτικές διαδραστικές ικανότητες και πώς αυτές μπορούν να εφαρμοστούν στις επιχειρήσεις 
538 |a DVD format 
538 |a Απαιτήσεις συστήματος: PC Pentioum Based Processor, Microsoft Windows 98/2000, Microsoft Windows XP, Windows Media Player 7.1 and above (including Windows MEDIA Player 9 Series), Minimum 32 MB of RAM, Desktop screen area set to 800 x 600 or higher, Desktop color set to 16 bit (high color) or higher, Sound card with speakers, Internet Explorer 5.5 (available on the CD ROM), Macromedia Shockwave/Flash plug-ins (available on the CD ROM) 
650 0 0 |a Decision making  |x Mathematical models. 
650 0 0 |a Business mathematics. 
650 0 0 |a Master of business administration degree. 
650 0 0 |a Management  |x Study and teaching. 
700 1 |a Andersen, Eugene. 
710 2 |a Graduate Management Admission Council. 
830 0 |a MBA survival kit 
852 |a INST  |b CHIOS  |c AV  |e 20070723  |h 658.4033 QUA  |p 005200028926  |q 005200028926  |t DVD  |y 23 
901 |a BIBL2-2007-3 
909 |a Χ  |b 129480 
922 |a 2ΕΛΗ  |b 200707  |c ΕΠΕΑΕΚ2  |d ΜΕ.ΔΙ.ΔΕ 
970 |a ΑΤΣΑΛΗ  |b ΔΕΣΠΟΙΝΑ  |z 2007/09/03